| 000 | 00958nam a2200265 i 4500 | ||
|---|---|---|---|
| 001 | 184263 | ||
| 003 | ES-MaACL | ||
| 005 | 20231220200306.0 | ||
| 008 | 150603s2014 sp a |||| | spa d | ||
| 020 | _a978-84-617-2400-0 | ||
| 080 | _a821.134.2-84(082.2) | ||
| 100 | 1 |
_aRobles Agudo, Francisco. _9156959 |
|
| 245 | 1 | 3 |
_a-- Buena sombra le cobija / _cFrancisco Robles Agudo, José Tébar León, Darío Zori Calvo. |
| 246 | 3 | _aBuena sombra le cobija | |
| 260 |
_a[Madrid] : _bF. Robles, _c[2014] |
||
| 300 |
_a250 p. : _bil. ; _c23 cm. |
||
| 650 | 7 |
_aRefranes y proverbios- _zEspaña. _916726 |
|
| 700 | 1 |
_aTébar León, José. _9156960 |
|
| 700 | 1 |
_aZori Calvo, Darío. _9156961 |
|
| 852 |
_aES-MaACL _jA-13498 _9 191248 _bR.150308 _cDEPO1 _dOlim: N-6498 _hDonacion: Mariano Herrador |
||
| 903 |
_aHerrador Guardia, Mariano José _ednr _9151606 |
||
| 942 |
_2udc _cMONOGRAFIA |
||
| 999 |
_c184263 _d184263 |
||